Εισαγωγή στην θεωρία πινάκων : πτυχιακή εργασία
Η πτυχιακή αυτή εργασία αποτελεί την κορύφωση των σπουδών μου στο Πανεπιστήμιο Αιγαίου στην Σάμο, στο τμήμα Μαθηματικών, Εισαγωγική Κατεύθυνση Μαθηματικών. Η εργασία κάνει μια αναφορά στην Θεωρία των Πινάκων. Με την υποστήριξη του καθηγητή μου Μιχαήλ Ανούση για την ευκαιρία που μου έδωσε για την εκπ...
Αποθηκεύτηκε σε:
| Κύριος συγγραφέας: | |
|---|---|
| Συγγραφή απο Οργανισμό/Αρχή: | |
| Μορφή: | Thesis Βιβλίο |
| Γλώσσα: | Greek |
| Δημοσίευση: |
2015.
|
| Θέματα: | |
| Διαθέσιμο Online: | http://hdl.handle.net/11610/15645 |
| Ετικέτες: |
Προσθήκη ετικέτας
Δεν υπάρχουν, Καταχωρήστε ετικέτα πρώτοι!
|
MARC
| LEADER | 00000cam a2200000 a 4500 | ||
|---|---|---|---|
| 001 | 1/111364 | ||
| 008 | 160718s2015####gr | ||| |||| ||gre|| | ||
| 040 | |a GR-MyUa |b gre |c GR-MyUa |e AACR2 | ||
| 041 | 0 | |a gre | |
| 082 | 7 | |a 512.9434 |2 (23) | |
| 100 | 1 | |a Νικολαΐδου, Ηλιάνα. | |
| 245 | 1 | 0 | |a Εισαγωγή στην θεωρία πινάκων : |b πτυχιακή εργασία / |c Ηλιάνα Νικολαίδου ; επιβλέπων καθηγητής Μιχαήλ Ανούσης. |
| 260 | |c 2015. | ||
| 300 | |a 27 σ. ; |c 30 εκ. | ||
| 500 | |a Μέλη της εξεταστικής επιτροπής: Ανούσης Μιχαήλ, Παπαλεξίου Νικόλαος, Φελουζής Ευάγγελος. | ||
| 502 | |a Πτυχιακή εργασία - Πανεπιστήμιο Αιγαίου, Σάμος, 2015. | ||
| 504 | |a Περιέχει βιβλιογραφικές αναφορές. | ||
| 506 | 1 | |a Διάθεση πλήρους κειμένου ; |d Ενδοπανεπιστημιακή πρόσβαση. | |
| 520 | 8 | |a Η πτυχιακή αυτή εργασία αποτελεί την κορύφωση των σπουδών μου στο Πανεπιστήμιο Αιγαίου στην Σάμο, στο τμήμα Μαθηματικών, Εισαγωγική Κατεύθυνση Μαθηματικών. Η εργασία κάνει μια αναφορά στην Θεωρία των Πινάκων. Με την υποστήριξη του καθηγητή μου Μιχαήλ Ανούση για την ευκαιρία που μου έδωσε για την εκπόνηση της πιο κάτω εργασίας. Συγκεκριμένα στο πρώτο κεφάλαιο αναφέρονται κάποιοι σημαντικοί ορισμοί και θεωρήματα όσο αφορά τις συναρτήσεις, τους διανυσματικούς και μετρικούς χώρους που θα χρησιμοποιηθούν στα δυο επόμενα κεφάλαια. Στο δεύτερο κεφάλαιο αποδεικνύονται δυο σημαντικές ανισότητες, την ανισότητα Holder και την ανισότητα Minkowski. Στην συνέχεια αναφέρομαι στις Νόρμες πινάκων και διάφορες εφαρμογές τους. Τέλος, στο τρίτο κεφάλαιο αναφέρομαι για τους μη αρνητικούς πίνακες, το Θεώρημα Perron-Fobenious, στους μεταθετικούς και στοχαστικούς πίνακες. Αισθάνομαι την ανάγκη να επισημάνω την απέραντη ευγνωμοσύνη μου στους γονείς μου Τάσο και Μαρία και στον αγαπημένο μου αδερφό Σταύρο για όλα όσα μου έχουν προσφέρει στην διάρκεια των μαθητικών και φοιτητικών μου χρόνων και την αμέριστη υποστήριξη τους σε κάθε μου επιλογή. | |
| 540 | |a Κλειδωμένη η δυνατότητα αντιγραφής (copy) κειμένου. | ||
| 650 | 0 | |a Matrices. | |
| 650 | 0 | |a Dissertations, Academic |z Greece. | |
| 700 | 1 | |a Ανούσης, Μιχάλης, |e dgs | |
| 710 | 2 | |a Πανεπιστήμιο Αιγαίου. |b Σχολή Θετικών Επιστημών. |b Τμήμα Μαθηματικών. | |
| 852 | |a INST |b SAMOS |c DIATR |e 20160718 |h 512.9434 ΝΙΚ |p 005300043701 |q 005300043701 |t DIE |y 23 | ||
| 856 | |u http://hdl.handle.net/11610/15645 | ||
| 924 | |a Νικολαίδου |b Ηλιάνα |y Σάμος |z 2015-06 | ||
| 970 | |a Κοσιέρης |b Χρήστος |z 18-07-2016 | ||